000 00390nam a2200181Ia 4500
008 210210b1954 xxu||||| |||| 00| 0 eng d
041 _aeng
082 _a383/91
100 _aHARRIS (E M)
245 _aMarried women in industry
260 _aLondon
_b-
_c1954
300 _a30
650 _awomen
650 _aMarried
650 _aindustry
690 _aWomen
906 _a005287
999 _c125377
_d125377